Religion Quiz

Random Religion or Song Quiz

Fill-in-the-Blank: Hymn Titles Quiz Stats

 Plays Quiz Updated Apr 7, 2015

Challenge
Share
Tweet
Embed
Score 0/24 Timer 07:00
4 Plays Today
Title Missing Word % Correct
Rock of ______Ages
91.4%
Hark! The ______ Angels SingHerald
85.7%
______ Rather Have JesusI'd
79.7%
______, Christian SoldiersOnward
76%
O Worship the ______King
71.2%
______ His WingsUnder
66.8%
A ______ FortressMighty
65.3%
Marching to ______Zion
61.3%
In the ______ MidwinterBleak
60.9%
The Old ______ CrossRugged
60.8%
______ My God, To TheeNearer
59.4%
When the Roll is Called Up ______Yonder
57.9%
Title Missing Word % Correct
How ______ a FoundationFirm
55.8%
Leaning on the ______ ArmsEverlasting
49.4%
Guide Me, O Thou Great ______Jehovah
48.7%
When I Survey the ______ CrossWondrous
47.7%
Take ______ To Be HolyTime
46.2%
Love ______, All Loves ExcellingDivine
45.1%
Be Thou My ______Vision
42.1%
Jesus ______ it AllPaid
40.8%
I ______ AllSurrender
36%
Lead Me to ______Calvary
35.5%
Love ______ MeLifted
27.9%
Like a River ______Glorious
18.3%

You're not logged in!

Compare scores with friends on all Sporcle quizzes.
OR
Log In

You Might Also Like...

Show Comments

Extras

Top Quizzes Today


Score Distribution

Your Account Isn't Verified!

In order to create a playlist on Sporcle, you need to verify the email address you used during registration. Go to your Sporcle Settings to finish the process.

Report this User

Report this user for behavior that violates our Community Guidelines.

Details: